Royal Commission on Local Government in Greater London: written evidence from local authorities miscellaneous bodies and private individuals (Record no. 488928)

000 -LEADER
fixed length control field 00549cam a22001337a 4500
008 - FIXED-LENGTH DATA ELEMENTS--GENERAL INFORMATION
fixed length control field 180718b1962 xxu||||| |||| 00| 0 eng d
082 ## - DEWEY DECIMAL CLASSIFICATION NUMBER
Classification number B835x42 Un3/59e
100 ## - MAIN ENTRY--PERSONAL NAME
Personal name United Kingdom. Royal Commission on Local Government in Greater London
245 ## - TITLE STATEMENT
Title Royal Commission on Local Government in Greater London: written evidence from local authorities miscellaneous bodies and private individuals
260 ## - PUBLICATION, DISTRIBUTION, ETC.
Place of publication, distribution, etc. London
Name of publisher, distributor, etc. Her Majesty's Stationery Office
Date of publication, distribution, etc. 1962
300 ## - PHYSICAL DESCRIPTION
Extent 5v.
500 ## - GENERAL NOTE
General note Chairman: Edwin Herbert
700 ## - ADDED ENTRY--PERSONAL NAME
Personal name Herbert, Edwin (Chairman)
Holdings
Withdrawn status Lost status Damaged status Not for loan Permanent Location Current Location Date acquired Full call number Barcode Date last seen Price effective from Koha item type
        Indian Institute of Public Administration Indian Institute of Public Administration 2018-08-04 B835x42 Un3/59e G1441 2018-08-04 2018-08-04 G
        Indian Institute of Public Administration Indian Institute of Public Administration 2018-08-04 B835x42 Un3/59e G1440 2018-08-04 2018-08-04 G
        Indian Institute of Public Administration Indian Institute of Public Administration 2018-08-04 B835x42 Un3/59e G1439 2018-08-04 2018-08-04 G
        Indian Institute of Public Administration Indian Institute of Public Administration 2018-08-04 B835x42 Un3/59e G1438 2018-08-04 2018-08-04 G
        Indian Institute of Public Administration Indian Institute of Public Administration 2018-08-04 B835x42 Un3/59e G1437 2018-08-04 2018-08-04 G

Powered by Koha